Country Flags But Nepal - Statistics

General Stats
  • This quiz has been taken 89 times
  • The average score is 13 of 16
Answer Stats
Picture Answer % Correct
South Africa
98%
Brazil
96%
Nepal
87%
Angola
85%
Croatia
85%
Cyprus
85%
Panama
85%
Sri Lanka
85%
China
83%
Kazakhstan
81%
Kosovo
81%
Turkmenistan
75%
Philippines
72%
Papua New Guinea
70%
Antigua and Barbuda
62%
Kiribati
60%
No matching quizzes found
Score Distribution
Percent of People with Each Score
Percentile by Number Answered
Your Score History
You have not taken this quiz